LEADER 04223nam 2200445 450 001 9910511624903321 005 20210319195407.0 010 $a1-84888-469-9 024 7 $a10.1163/9781848884694 035 $a(CKB)4920000000126669 035 $z(OCoLC)1110054838 035 $a(nllekb)BRILL9781848884694 035 $a(MiAaPQ)EBC6481625 035 $a(EXLCZ)994920000000126669 100 $a20210319d2016 uy 0 101 0 $aeng 135 $aurun| uuuua 181 $ctxt$2rdacontent 182 $cn$2rdamedia 183 $2rdacarrier 200 00$aBlunt traumas $enegotiating suffering and death /$fedited by Nate Hinerman and Holly Lynn Baumgartner 210 1$aOxford, England :$cInter-Disciplinary Press,$d[2016] 210 4$d©2016 215 $a1 online resource 311 $a90-04-37043-9 327 $aPreliminary Material /$rNate Hinerman and Holly Lynn Baumgartner -- Another Narrative of Death: The Outrage and Kurosawa?s Rashomon /$rShunichi Ueno -- Death in Public: Text Analysis of a Newspaper Debate /$rLisbeth Thoresen -- Ghostbook: On the Internet, No One Really Dies /$rTrace Norris -- Ridiculing Suffering on YouTube: Digital Parodies of Emo Style /$rAnna Johansson and Hans T. Sternudd -- Case Studies of Prior Self-Knowledge and Synchronistic Signs of Approaching Death /$rHuai Bao -- Schopenhauer and Modernity: Disclosing Modern Malaise /$rJordi Cabos -- Dead Baby Bloggers: Making Sense of Death through Online Grieving /$rJennifer Cypher -- What Good Is Religious Belief for Fear of Death and Grief? /$rDavid B. Feldman , Ian C. Fischer and Robert A. Gressis -- The Unhealed Wounds of War: Social Sources of Suffering and War-Related Traumatic Experiences /$rElizabeth Gill -- Clare, Agnes and Agency in Suffering /$rHolly Lynn Baumgartner -- Autonomy, a Contested Concept: A Systematic Review of the Meaning of ?Autonomy? in Qualitative Research on End-of-Life Decisions /$rManya Hendriks and Robert Pool -- On Becoming Osteoporotic: The Fragility of Identity Fractured Bones and Shattered Identities /$rRichard B. Hovey -- Another Way to Argue for the Killing/Letting Die Distinction /$rFrancesca Marin -- Rational Religious Suicide /$rLloyd Steffen -- When the Happy Hour Trolley Enters: Cloaking Death through Performance in Palliative Care /$rHoli Birman -- Between Denial and Acceptance: Paul Tillich?s Reflection on Suffering and Finitude /$rAndrzej Da?czak -- In the Shadow of the Trenches or History Unmade: Doris Lessing?s Alfred and Emily (2008) /$rLuísa Maria Flora -- Young People: Voice, Loss Narratives, and the Development of Emotional Literacies /$rSukhbinder Hamilton. 330 $aFrom the ridicule of Emo culture on YouTube to the minute joys of the Happy Hour Trolley in an Australian palliative care setting, responses to suffering and death range from avoidance to eradication. Blunt Traumas thoughtfully engages these topics with compassion and brutal honesty. Contributors across the spectrum of professions using a variety of methodologies, including case studies, fieldwork, systematic philosophy, and historical and textual analysis all respond to the orienting question: ?How does culture impact, co-create, and/or produce suffering?? Their inter- and multi-disciplinary perspectives are divided into two sections. The first, ?Public Perceptions of Death, Dying, and Suffering? closely examines human interactions with and performance of technologies of suffering from wireless to religious, dead baby bloggers to wounded warriors. The second half of the book focuses on the ?The Sufferer?s Right to Choose?, whether that concerns end-of-life decisions, medical technologies, or narratives of self. Together, these chapters provide greater intelligibility on and provocative discussions about the oft ignored or ?buried? discourses of suffering and dying. 606 $aSuffering 608 $aElectronic books. 615 0$aSuffering. 676 $a128.4 702 $aBaumgartner$b Holly Lynn 702 $aHinerman$b Nate 801 0$bMiAaPQ 801 1$bMiAaPQ 801 2$bMiAaPQ 906 $aBOOK 912 $a9910511624903321 996 $aBlunt traumas$92552622 997 $aUNINA LEADER 00898nas 2200301-a 450 001 9910503203003321 005 20110110072742.0 035 $a(CKB)2320000000021088 035 $a(CONSER)sn-85032573- 035 $a(EXLCZ)992320000000021088 100 $a19841115b18721883 k-- a 101 0 $aeng 182 $cc$2rdamedia 183 $acr$2rdacarrier 200 04$aThe Wichita city eagle 210 $aWichita, Kan. $cMarshall M. Murdock 215 $a1 online resource 311 08$aPrint version: The Wichita city eagle. 2158-9062 (DLC)sn-85032573- (OCoLC)11388810 517 1 $aEagle 517 1 $aWichita eagle 531 $aWICHITA CITY EAGLE 607 $aWichita (Kan.)$vNewspapers 607 $aSedgwick County (Kan.)$vNewspapers 906 $aJOURNAL 912 $a9910503203003321 920 $aexl_impl conversion 996 $aThe Wichita city eagle$91889865 997 $aUNINA LEADER 03390oam 2200817I 450 001 9910971496903321 005 20251117095352.0 010 $a1-315-41915-7 010 $a1-315-41917-3 010 $a1-61132-784-9 024 7 $a10.4324/9781315419176 035 $a(CKB)2550000000100276 035 $a(EBL)903414 035 $a(OCoLC)793166642 035 $a(SSID)ssj0000687031 035 $a(PQKBManifestationID)12237021 035 $a(PQKBTitleCode)TC0000687031 035 $a(PQKBWorkID)10734466 035 $a(PQKB)10661996 035 $a(SSID)ssj0000660912 035 $a(PQKBManifestationID)12209096 035 $a(PQKBTitleCode)TC0000660912 035 $a(PQKBWorkID)10705773 035 $a(PQKB)11485157 035 $a(MiAaPQ)EBC903414 035 $a(Au-PeEL)EBL903414 035 $a(CaPaEBR)ebr10558887 035 $a(CaONFJC)MIL928142 035 $a(OCoLC)954006772 035 $a(FINmELB)ELB159596 035 $a(EXLCZ)992550000000100276 100 $a20180706e20162012 uy 0 101 0 $aeng 135 $aur|n|---||||| 181 $ctxt 182 $cc 183 $acr 200 14$aThe archaeological imagination /$fMichael Shanks 205 $a1st ed. 210 $aWalnut Creek, Calif. $cLeft Coast Press$dc2012 210 1$aLondon :$cRoutledge,$d2016. 215 $a1 online resource (169 p.) 300 $aFirst published 2012 by Left Coast Press, Inc. 311 08$a1-59874-361-9 311 08$a1-59874-362-7 320 $aIncludes bibliographical references and index. 327 $aWe are all Archaeologists Now -- Debateable Lands -- A Northern Stage -- Relics and Witnesses -- Durat Opus Vatum -- The Antiquary -- Roman Boots -- Itinerary and Natural History -- The Living and the Dead -- Media, Representation, and Mise-en-Sce?ne -- Topology and Time -- Collectors and Conservators -- An Archaeological Narratology -- The Archaeological Imagination. 330 $aArchaeology is a way of acting and thinking-about what is left of the past, about the temporality of what remains, about material and temporal processes to which people and their goods are subject, about the processes of order and entropy, of making, consuming and discarding at the heart of human experience. These elements, and the practices that archaeologists follow to uncover them, is the essence of the archaeological imagination. In this extended essay, renowned archaeological theorist Michael Shanks offers his colleagues and students a window on this imaginative world of past and pre 606 $aArchaeology$xPhilosophy 606 $aImagination 606 $aArchaeology$xSocial aspects 606 $aArchaeology$xMethodology 606 $aArchaeology$xHistory 606 $aCultural property$xProtection 606 $aAntiquities$xCollection and preservation 615 0$aArchaeology$xPhilosophy. 615 0$aImagination. 615 0$aArchaeology$xSocial aspects. 615 0$aArchaeology$xMethodology. 615 0$aArchaeology$xHistory. 615 0$aCultural property$xProtection. 615 0$aAntiquities$xCollection and preservation. 676 $a930.1 700 $aShanks$b Michael$0443609 801 0$bMiAaPQ 801 1$bMiAaPQ 801 2$bMiAaPQ 906 $aBOOK 912 $a9910971496903321 996 $aThe archaeological imagination$94482607 997 $aUNINA